000 00719nas a2200265 4500
001 BR8807426
003 BR-BrBNA
005 20231205091408.0
007 ta
008 230509b bl.|||p| |||| 00| 00por d
040 _aBR-BrBNA
_bpor
_cBiblioteca Nacional de Agricultura
041 _a(Pt)
072 _aF01
100 1 _aAnon.
245 1 _aCajueiro anao da maior producao em menos tempo
650 _aCAJU
650 _aPRODUCAO
650 _aPRODUTIVIDADE
650 _aREPRODUCAO VEGETAL
650 _aGARFAGEM
650 _aCEARA
773 0 _tDirigente Rural (Brazil)
_xISSN 0012-3374
_g(Jul 1988), v. 27(7) p. 24-27
_wBR8807426
909 _a202311
_bLúcia
_c55
_dLúcia Elande
942 _2AGRIS
_n0
_cANA
999 _c124795
_d124795